Alle Fußballvereine aus Rheinland-Pfalz in den Top 4 Ligen - Statistiken

Allgemein
  • Dieses Quiz wurde 49 mal gespielt
  • Das Durchschnittsergebnis liegt bei 7 aus 8
Antwortstatistiken
Liga Verein % Korrekt
Bundesliga 1. FSV Mainz 05
100%
Regionalliga Südwest 1. FSV Mainz 05 ll
100%
2. Bundesliga 1. FC Kaiserslautern
98%
Regionalliga Südwest Eintracht Trier
89%
(Traditionsverein in 5. Liga) TuS Koblenz
89%
(Traditionsverein in 5. Liga) Wormatia Worms
73%
(Traditionsverein in 5. Liga) FK Pirmasens
67%
Regionalliga Südwest TSV Schott Mainz
51%
Keine übereinstimmenden Quizze gefunden
Verteilung der Resultate
Anzahl Personen mit jedem Resultat
Perzentil nach korrekt beantworteten Fragen
Ihre Resultats-Entwicklung
Sie haben dieses Quiz noch nicht gespielt